Statistiques concernant - Prénoms féminins les plus donnés en 2016 -

Cliquez ici pour prendre le quiz!

Statistiques générales

  • Ce quiz a été pris 1,526 fois
  • Le résultat moyen est 54 sur 100

Statistiques - réponses

Place 1ère Lettre Prénom % Correct
26LLou
94%
87JJulie
93%
4LLéa
91%
7ZZoé
90%
1CChloé
88%
70MMarie
87%
8EEmma
86%
6LLouise
82%
19JJuliette
82%
5MManon
81%
16CCamille
81%
9AAnna
80%
21CClara
79%
3JJade
77%
2AAlice
77%
13LLucie
76%
18JJulia
74%
95LLaura
74%
42JJeanne
74%
68LLisa
73%
49PPauline
73%
32CCharlotte
72%
86EElisa
71%
15EElise
71%
50SSarah
70%
11RRose
69%
33MMathilde
69%
59JJustine
68%
23IInès
66%
20LLola
66%
22EEva
66%
14LLéna
66%
46CClémence
63%
71VValentine
62%
54AAlicia
61%
53NNoémie
61%
12RRomane
61%
39LLilou
60%
41AAnaïs
60%
47LLina
60%
40OOlivia
59%
62LLise
58%
60LLouane
58%
76GGabrielle
58%
51MMaëlle
58%
29MMaëlys
58%
73CCélia
57%
25MMargaux
55%
43NNina
55%
36LLily
54%
65MMargot
53%
88VVictoire
52%
17AAmbre
50%
34LLouna
50%
24EEléna
50%
57EEloïse
49%
58EElsa
49%
82LLuna
49%
94IIris
48%
55HHéloïse
48%
56VVictoria
48%
48AAdèle
47%
28LLéonie
47%
10MMila
46%
27AAgathe
46%
45TThéa
46%
83NNinon
45%
31MMia
43%
30LLana
42%
98CCharline
41%
52EEmy
41%
91LLéane
39%
85EEléa
39%
38CCapucine
38%
75CCharlie
38%
37LLéana
38%
63FFaustine
37%
100MMélina
36%
66EEmmy
36%
90EEléonore
35%
64GGiulia
35%
72AAndréa
34%
92MMéline
33%
97TThais
33%
67EElina
33%
77SSalomé
33%
44SSoline
32%
61AApolline
31%
80RRoxanne
31%
35EEden
30%
93RRomy
30%
78EEnora
29%
99EEline
29%
84AAlix
29%
89AAnaé
27%
81EEmily
26%
69LLivia
25%
79MMya
21%
96LLyna
21%
74LLya
20%

Distribution des résultats

Percentile by Number Answered

% des personnes avec chaque résultat

Votre développement - résultats

Vous n’avez pas pris ce quiz